000 01285nam0a2200337 i 4500
001 RU\NLR\BIBL_A\010029216
005 20241103085514.0
010 _a9785875911866
_9500
021 _aRU
_b13-99142
035 _a(NILC)RuMoRGB-006710808
035 _a(NLR Aleph) 010029216
090 _a9940046
_c9940046
100 _a20140205d2011 um y0rusy50 ca
101 0 _arus
102 _aRU
105 _aa||||||||||||
200 1 _aДружба, испытанная Великой Отечественной...
_fРоман Рафаилов
205 _a4-е изд., испр. и доп.
210 _aТюмень
_cТюменский дом печати
_d2011
215 _a573, [2], [11] с.
_cил., цв. ил., портр.
_d27
320 _aБиблиогр.: с. 495-502 (371 назв.) и в подстроч. примеч.
606 _aВеликая Отечественная война
_xГерои и героизм
_z1941 - 1945
_9915900
_3RU\NLR\AUTH\6615750
675 _a94(47+57)<1941/1945>(092)
686 1 _aТ3(2)722.78
686 1 _aЦ35(2)722-424д
700 1 _aРафаилов
_bР. Р.
_gРоман Романович
801 0 _aRU
_bRuMoRKP
_c20131209
_gRCR
801 2 _aRU
_bРГБ
_c20131224
_grcr
942 _cBOOK
980 _aNBR